[Event "Berlin Kreuzberg op 3th"]
[Site "Berlin"]
[Date "2002.07.12"]
[Round "7"]
[White "Maschkiwitz, Frank"]
[Black "Kauschmann, Herbert"]
[Result "0-1"]
[WhiteElo "1810"]
[BlackElo "2158"]
[PlyCount "163"]
[EventDate "2002.07.06"]
[EventType "swiss"]
[EventRounds "9"]
[EventCountry "GER"]
[SourceTitle "EXT 2022"]
[Source "ChessBase"]
[SourceDate "2021.10.06"]
[SourceVersion "1"]
[SourceVersionDate "2021.10.06"]
[SourceQuality "1"]

1. d4 g6 2. e4 Bg7 3. c3 d6 4. f4 Nd7 5. Be3 e5 6. Nf3 Qe7 7. Bd3 Ngf6 8. fxe5 dxe5 9. Nbd2 0-0 10. 0-0 Ng4 11. Bg5 f6 12. Bh4 Nb6 13. Qe1 c5 14. h3 g5 15. Bg3 Nh6 16. d5 Bd7 17. Nh2 Kh8 18. Qe2 f5 19. c4 f4 20. Bf2 Nc8 21. b4 b6 22. bxc5 bxc5 23. Nb3 f3 24. Nxf3 g4 25. hxg4 Bxg4 26. Bg3 Nb6 27. Qd2 Bxf3 28. Rxf3 Rxf3 29. gxf3 Nf7 30. Qe3 Nd7 31. Rf1 Bh6 32. Qf2 Rg8 33. Kh1 Be3 34. Bh4 Bg5 35. Bg3 Rg6 36. Rg1 Qf8 37. Rg2 Be7 38. Rh2 Ng5 39. Be2 Rf6 40. Nd2 Qb8 41. Qe3 Rg6 42. Bd3 Nf7 43. Nf1 Bg5 44. Qe1 Qg8 45. Qf2 Bf6 46. Rg2 Qd8 47. Ne3 Nd6 48. Ng4 Bg7 49. Rh2 Qg5 50. Bh4 Qc1+ 51. Qe1 Qa3 52. Qd2 Nb6 53. Be7 Nbxc4 54. Qc2 Qb4 55. Qc1 Nb6 56. Bh4 c4 57. Be1 Qa4 58. Bb1 Qe8 59. Bc2 Qf7 60. Qe3 Nb5 61. Bg3 Nd7 62. Ba4 a6 63. Rh5 Qe7 64. Qe2 Qb4 65. Qd1 Nc3 66. Qe1 Qxa4 67. Qxc3 Qd1+ 68. Kg2 Qe2+ 69. Kh1 Rb6 70. Nf2 Rb1+ 71. Kh2 Rf1 72. Kg2 Rd1 73. Qa5 Qf1+ 74. Kh2 Qg1+ 75. Kh3 Qf1+ 76. Kh4 Nf8 77. Rf5 Rb1 78. Qd8 Kg8 79. Qe8 Rb7 80. Rg5 c3 81. Qc6 Rf7 82. Nh3 0-1

[Event "Berlin Kreuzberg op 3th"]
[Site "Berlin"]
[Date "2002.07.10"]
[Round "5"]
[White "Schroeder, Wolfgang"]
[Black "Maschkiwitz, Frank"]
[Result "1-0"]
[WhiteElo "1694"]
[BlackElo "1810"]
[PlyCount "75"]
[EventDate "2002.07.06"]
[EventType "swiss"]
[EventRounds "9"]
[EventCountry "GER"]
[SourceTitle "EXT 2022"]
[Source "ChessBase"]
[SourceDate "2021.10.06"]
[SourceVersion "1"]
[SourceVersionDate "2021.10.06"]
[SourceQuality "1"]

1. d4 e6 2. c4 d5 3. e3 Nf6 4. Nf3 c6 5. Nc3 Bd6 6. Bd3 dxc4 7. Bxc4 Qc7 8. 0-0 Nbd7 9. Re1 e5 10. Qc2 Nd5 11. e4 N5b6 12. dxe5 Nxe5 13. Nxe5 Bxe5 14. Bd3 0-0 15. g3 Be6 16. Be3 Rfd8 17. f4 Bd4 18. Bxd4 Rxd4 19. Nb5 Qd8 20. Nxd4 Qxd4+ 21. Kg2 h5 22. f5 Bd7 23. Rad1 Qe5 24. Qe2 g6 25. Qe3 Kg7 26. f6+ Qxf6 27. e5 Qe6 28. Bb1 Nd5 29. Qg5 Qh3+ 30. Kg1 Be6 31. Rf1 h4 32. Rd3 hxg3 33. Rxg3 Qh6 34. h4 Rh8 35. Bf5 Re8 36. Bxe6 Rxe6 37. Rgf3 Re7 38. Qxe7 1-0

[Event "Berlin Kreuzberg op 3th"]
[Site "Berlin"]
[Date "2002.07.07"]
[Round "2"]
[White "Maschkiwitz, Frank"]
[Black "Guth, Thomas"]
[Result "0-1"]
[WhiteElo "1810"]
[BlackElo "2248"]
[PlyCount "78"]
[EventDate "2002.07.06"]
[EventType "swiss"]
[EventRounds "9"]
[EventCountry "GER"]
[SourceTitle "EXT 2022"]
[Source "ChessBase"]
[SourceDate "2021.10.06"]
[SourceVersion "1"]
[SourceVersionDate "2021.10.06"]
[SourceQuality "1"]

1. d4 e6 2. e4 d5 3. Nd2 Nf6 4. e5 Nfd7 5. Ngf3 c5 6. c3 Qb6 7. Bd3 Nc6 8. Nb3 c4 9. 0-0 cxd3 10. Qxd3 Be7 11. Bf4 0-0 12. g4 a5 13. Nc1 Qc7 14. g5 b6 15. Qe3 Ba6 16. Re1 a4 17. Ne2 Na5 18. Ng3 Nc4 19. Qc1 a3 20. b3 Nb2 21. Qd2 Rac8 22. Rec1 Nd3 23. Be3 Nxc1 24. Rxc1 b5 25. Qd3 Qb6 26. b4 Qd8 27. h4 Nb6 28. Nh2 Na4 29. Bd2 Rc4 30. Ng4 Qc7 31. Ne2 Rc8 32. Qe3 Bxb4 33. cxb4 Rxc1+ 34. Nxc1 Qc2 35. Qe2 Nc3 36. Qe1 Qe4 37. Qxe4 Nxe4 38. Be3 Rc2 39. h5 Nc3 0-1